Transistors: theory and applications / (Record no. 182325)
[ view plain ]
| 000 -LEADER | |
|---|---|
| fixed length control field | 01074 a2200193 4500 |
| 003 - CONTROL NUMBER IDENTIFIER | |
| control field | Nust |
| 005 - DATE AND TIME OF LATEST TRANSACTION | |
| control field | 20221202184109.0 |
| 040 ## - CATALOGING SOURCE | |
| Transcribing agency | Nust |
| 082 ## - DEWEY DECIMAL CLASSIFICATION NUMBER | |
| Classification number | 621.381528,COB |
| 100 ## - MAIN ENTRY--PERSONAL NAME | |
| Personal name | Coblenz, Abraham. |
| 9 (RLIN) | 103111 |
| 245 ## - TITLE STATEMENT | |
| Title | Transistors: theory and applications / |
| Statement of responsibility, etc. | Abraham Coblenz and Harry L. Owens |
| 250 ## - EDITION STATEMENT | |
| Edition statement | 1st ed |
| 260 ## - PUBLICATION, DISTRIBUTION, ETC. | |
| Place of publication, distribution, etc. | McGraw-Hill |
| Name of publisher, distributor, etc. | New York |
| Date of publication, distribution, etc. | 1955 |
| 300 ## - PHYSICAL DESCRIPTION | |
| Extent | 313 p |
| Other physical details | illus |
| Dimensions | 24 cm |
| 505 ## - FORMATTED CONTENTS NOTE | |
| Formatted contents note | A Short History Of Transistors (Page-1), Holes And The Transistor (Page-9), A Glimpse Of Quantum Mechanics (Page-22), The Electron (Page-34), Nature Of Semiconductor (Page-45), Point Contact Transistors (Page-58), Junction Transistors (Page-73), Electronic Of Transistors (Page-90), Small Signal Parameters (Page-109), Grounded Emitter And Grounded Collector Connections (Page-127), Theory Of Transistor Switching Circuits (Page-146), Cascading Of Transistors (Page-165), Manufacturing Processes (Page-202), Silicon (Page-238), Special Topics (Page-249). |
| 600 ## - SUBJECT ADDED ENTRY--PERSONAL NAME | |
| Personal name | Coblenz, Abraham. |
| 9 (RLIN) | 103111 |
| 650 ## - SUBJECT ADDED ENTRY--TOPICAL TERM | |
| Topical term or geographic name entry element | Telecommunication Engineering |
| 942 ## - ADDED ENTRY ELEMENTS (KOHA) | |
| Source of classification or shelving scheme | |
| Koha item type | Book |
| Withdrawn status | Lost status | Source of classification or shelving scheme | Damaged status | Not for loan | Permanent Location | Current Location | Shelving location | Date acquired | Full call number | Barcode | Date last seen | Price effective from | Koha item type | Public note | Total Checkouts |
|---|---|---|---|---|---|---|---|---|---|---|---|---|---|---|---|
| Military College of Signals (MCS) | Military College of Signals (MCS) | General Stacks | 12/12/2016 | 621.381528,COB | MCS7405 | 12/08/2016 | 12/12/2016 | Book | Almirah No.34, Shelf No1 | ||||||
| Military College of Signals (MCS) | Military College of Signals (MCS) | General Stacks | 12/02/2022 | 621.381528,COB | MCS22269 | 12/02/2022 | 12/02/2022 | Book | Almirah No.34, Shelf No.1 |
